Young Thug - Wszystkie albumy - Statystyki

Ogólne statystyki
  • Ten quiz został rozwiązany 16 razy
  • Średni wynik to 11 z 22
Statystyki odpowiedzi
Hint Odpowiedź % Poprawnych
2015 Slime Season
93%
2015 Slime Season 2
93%
2016 Slime Season 3
93%
2025 UY SCUTI
93%
2019 So Much Fun
86%
2015 Barter 6
79%
2023 BUSINESS IS BUSINESS
71%
2016 JEFFERY
64%
2018 Slime Language
64%
2021 Slime Language 2
64%
2021 Punk
50%
2017 Beautiful Thugger Girls
43%
2020 Slime & B
43%
2017 SUPER SLIMEY
43%
2016 I'm Up
36%
2011 I Came From Nothing 2
29%
2014 The Purple Album
29%
2013 1017 Thug
14%
2014 1017 Thug 2
14%
2014 1017 Thug 3: The Finale
14%
2014 Black Portland
7%
2014 Young Thugga Mane La Flare
7%
Nie znaleziono quizów pasujących do podanych kryteriów
Rozkład punktacji
Procent ludzi z każdym wynikiem
Percentyl według liczby udzielonych odpowiedzi
Twoja historia wyników
Nie rozwiązałeś tego quizu